000
00220nam a22000857a 4500
008
161119b xxu||||| |||| 00| 0 eng d
100
_9
1289
_a
Kidz.O
245
_a
Chhatrapati Shivaji Maharaj
260
_a
New Delhi
_b
Om Kidz
_c
2013
999
_c
3993
_d
3993